000 00602nam a2200265Ia 4500
005 20260306163958.0
008 008 260114s9999 xx 000 0 eng d
020 _a9781503604582
037 _aEBOOK
040 _aCRL
040 _beng
040 _cCRL
041 _2eng
041 _aeng
084 _qCRL
100 _aKedar, Amara, Yiftachel
_91129746
245 0 _aEmptied Lands
260 _bStanford University Press
260 _c2018
650 _aLaw
856 _uhttps://academic.oup.com/book/35867
942 _cEBOOK
999 _c1712262
_d1712262